Представление документа в формате RUSMARC

ПолеНазваниеЗначение
  Тип записи c
  Библиографический уровень m
001 Контрольный номер RU/УОНБ/EK_N/663427318
005 Дата корректировки 20251118130143.1
010 Индекс ISBN __
9 Тираж 15000 экз.
013 Номер (ISMN) __
d Цена 60 к.
071 Издательские номер (звукозапись и ноты) 21
a Номер, присвоенный агентством 2506
100 Данные общей обработки __
a Данные общей обработки 20210108d1965 u y0rusy0189||||ca
101 Язык документа 0_
a Язык текста rus
f Язык титульного листа rus
102 Страна публикации __
a Страна публикации RU
105 Кодированные данные (монография) __
a Кодированные данные (монография) y###||||000|y
125 Кодированные данные звукозаписи и нотных изданий __
a Форма изложения нотного текста с|
128 Кодированные данные (звукозаписи-физические характеристики) __
a Кодированные данные: Музыкальная форма и тональность или лад ccn
c Инструменты или голоса, рекомендуемые для солистов (устаревшее) kt||
200 Заглавие и сведения об ответственности 1_
a Заглавие Вып. 6
210 Выходные данные __
d Дата издания 1965
215 Физическое описание __
a Объем 47 с.
327 Примечание о содержании 11
a Примечание о содержании Содерж. : Колмановский Э. Я вернусь к тебе, Россия! / сл. Л. Ошанина. - Островский А. Зори московские ; Товарищ Куба / сл. Л. Ошанина ; Песня остается с человеком / сл. С. Острового. - Френкель Я. Лети, серенада / сл. Д. Иванова. - Листов К. Побывать бы на луне / сл. А. Жарова. - Майборода П. Любовь моя / сл. Т. Масенко. - Левашов В. Наш край родной / сл. П. Градова. - Кутузов Н. Сибирский ленок / сл. В. Бокова. - Любан И. Эх ты, Волга-река / сл. П. Кудрявцева. - Шеповалов В. Дождь на Неве / сл. К. Григорьева и Б. Гершта. - Петров А. Звезды в кондукторской сумке / сл. Л. Куклина. - Аедоницкий П. Песня - подруга моя! / сл. Б. Гайковича. - Горлов Н. Уезжала песня на Восток / сл. В. Семернина.
461 Уровень набора _0
1 001RU/УОНБ/EK_N/662662340
1 200
a Песни советских композиторов
b Ноты
e в перелож. для аккордеона [с надпис. текстом]
v Вып. 6
1 210
a М.
c Советский композитор
d 1961 -
464 Аналитический уровень _0
1 2001
a Я вернусь к тебе, Россия!
e Этих слов забывать вы не смейте...
1 700 1
a Колмановский
b Э.
1 702 1
a Ошанин
b Л.
4 520
464 Аналитический уровень _0
1 2001
a Зори московские
e Зори московские...
1 700 1
a Островский
b А.
1 702 1
a Ошанин
b Л.
4 520
464 Аналитический уровень _0
1 2001
a Лети, серенада
e До недавних пор, не скроем...
1 700 1
a Френкель
b Я.
1 702 1
a Иванов
b Д.
4 520
464 Аналитический уровень _0
1 2001
a Побывать бы на луне
e Что нам обещает новая весна?..
1 700 1
a Листов
b К.
1 702 1
a Жаров
b А.
4 520
464 Аналитический уровень _0
1 2001
a Любовь моя
e Снова осень над лесами...
1 700 1
a Майборода
b П.
1 702 1
a Масенко
b Т.
4 520
464 Аналитический уровень _0
1 2001
a Наш край родной
e Мы - семья большая, дружная...
1 700 1
a Левашов
b В.
1 702 1
a Градов
b П,
4 520
464 Аналитический уровень _0
1 2001
a Сибирский ленок
e Сегодня мне не весело...
1 700 1
a Кутузов
b Н.
1 702 1
a Боков
b В.
4 520
464 Аналитический уровень _0
1 2001
a Эх ты, Волга-река
e Я не знаю сколько выстрадал...
1 700 1
a Любан
b И.
1 702 1
a Кудрявцев
b П.
4 520
464 Аналитический уровень _0
1 2001
a Дождь на Неве
e Не изменяя веселой традиции...
1 700 1
a Шеповалов
b В.
1 702 1
a Григорьев
b К.
4 520
1 702 1
a Гершт
b Б.
4 520
464 Аналитический уровень _0
1 2001
a Звезды в кондукторской сумке
e Я кондуктор трамвая, мне город знаком...
1 700 1
a Петров
b А.
1 702 1
a Куклин
b Л.
4 520
464 Аналитический уровень _0
1 2001
a Песня - подруга моя!
e Наш переулок сирень замела...
1 700 1
a Аедоницкий
b П.
1 702 1
a Гайкович
b Б.
4 520
464 Аналитический уровень _0
1 2001
a Уезжала песня на Восток
e Уезжала песня на Восток...
1 700 1
a Горлов
b Н.
1 702 1
a Семернин
b В.
4 520
464 Аналитический уровень _0
1 2001
a Товарищ Куба!
e Вольная страна Куба...
1 700 1
a Островский
b А.
1 702 1
a Ошанин
b Л.
4 520
464 Аналитический уровень _0
1 2001
a Песня остается с человеком
e Вольная страна Куба...
1 700 1
a Островский
b А.
1 702 1
a Островой
b С.
4 520
512 Заглавие обложки 1_
a Заглавие обложки Песни советских композиторов
606 Тематические рубрики 0_
a Основная рубрика Аккордеон
x Основная подрубрика Переложения для аккордеона
x Основная подрубрика Песни советских композиторов
610 Ключевые слова 0_
a Ключевые слова песни советских композиторов
610 Ключевые слова 0_
a Ключевые слова аккордеон
610 Ключевые слова 0_
a Ключевые слова переложения вокальных произведений
610 Ключевые слова 0_
a Ключевые слова переложения для аккордеона
686 Индексы других классификаций __
a Классификационный индекс 85.954.7-094(2)я43
2 Код системы rubbk
801 Источник записи _0
a Страна RU
b Организация Ульяновская ОНБ
c Дата составления 20210108
g Правила каталогизации RCR
801 Источник записи _1
a Страна RU
b Организация Ульяновская ОНБ
c Дата составления 20210108
g Правила каталогизации RCR
901 Тип документа __
t Тип документа n
w Контрольный № источника RU/УОНБ/EK_N/662662340
909 Создатель записи __
a Создатель записи Никитина Т. А.
938 Служебная информация __
a Имя БД noti
b Имя библиотеки УОНБ
c Имя АИБС МАРК-SQL
d Номер DOC_ID в БД 23230